[Event "Treviso op-C 1st"]
[Site "Treviso"]
[Date "2017.03.17"]
[Round "1.13"]
[White "Pasin, Mattia"]
[Black "Canel, Paolo"]
[Result "0-1"]
[WhiteElo "1503"]
[BlackElo "1643"]
[PlyCount "116"]
[EventDate "2017.03.17"]
[EventType "swiss"]
[EventRounds "5"]
[EventCountry "ITA"]
[SourceTitle "EXT 2024"]
[Source "ChessBase"]
[SourceDate "2023.10.10"]
[SourceVersion "1"]
[SourceVersionDate "2023.10.10"]
[SourceQuality "1"]

1. d4 d5 2. c4 e6 3. Nc3 Nf6 4. Bg5 Nbd7 5. cxd5 exd5 6. Nxd5 Nxd5 7. Nf3 Be7 8. Bd2 0-0 9. e4 N5f6 10. Qc2 c5 11. d5 Bd6 12. Bd3 Ne5 13. Nxe5 Bxe5 14. Qxc5 Bxb2 15. Rb1 Be5 16. Bb4 Re8 17. 0-0 Qc7 18. f4 Qxc5+ 19. Bxc5 Bc3 20. Rf3 Bg4 21. Rg3 b6 22. Bd6 Bd4+ 23. Kh1 Bd7 24. e5 Nxd5 25. Rf1 Rac8 26. h4 Ne3 27. Rb1 Nf5 28. Rg5 Nxd6 29. exd6 Rc5 30. Rxc5 Bxc5 31. Rd1 Bf2 32. h5 Re1+ 33. Rxe1 Bxe1 34. f5 Bg3 35. Kg1 Bxd6 36. g4 h6 37. Kf2 Bc6 38. Ke3 Be5 39. Bc2 b5 40. Bb3 a5 41. Bd1 Bd5 42. a4 b4 43. Kd2 b3 44. Kc1 b2+ 45. Kb1 Be4+ 46. Bc2 Bxc2+ 47. Kxc2 Kf8 48. Kb1 Ke7 49. Kc2 Kd6 50. Kb1 Kc5 51. Ka2 Kc4 52. Kb1 Kc3 53. g5 hxg5 54. f6 Bxf6 55. h6 gxh6 56. Ka2 Kc2 57. Ka3 Be7+ 58. Ka2 b1Q# 0-1